000 00689nam a2200289Ia 4500
005 20260324123903.0
008 008 260324s9999 xx 000 0 eng d
020 _a9780429252341
037 _aEBOOK
040 _aCRL
040 _beng
040 _cCRL
041 _2eng
041 _aeng
084 _qCRL
100 _aDennis Averill
_91172036
245 0 _aLean Sustainability
245 0 _bCreating Safe, Enduring, and Profitable Operations
260 _bTaylor and Francis
260 _c2011
365 _a
365 _b300
856 _uhttp://www.taylorfrancis.com/books/9780429252341
942 _cEBOOK
999 _c1765936
_d1765936